|
|
|
|
| LEADER |
00677cam a2200181 7i4500 |
| 001 |
0000028326 |
| 005 |
20160921090000.0 |
| 020 |
|
|
|a 0131539744 (pbk.)
|
| 090 |
0 |
0 |
|a P90
|b .W55 1987
|
| 100 |
1 |
|
|a Wiley,Terrence G
|
| 245 |
1 |
0 |
|a Communicating in the real world :
|b developing communication skills for business and the professions
|c Terrence G.Wiley,Heide Spruck Wringley.
|
| 246 |
3 |
|
|a Communications skills.
|
| 260 |
|
|
|a California State University:
|b America of United States,
|c 1987.
|
| 300 |
|
|
|a xv,187 p.:
|b ill.;
|c 22 cm.
|
| 650 |
0 |
0 |
|a Communication
|
| 650 |
0 |
0 |
|a English language
|
| 700 |
1 |
|
|a Wringley, Heidi Spruck
|
| 999 |
|
|
|a 0000027495
|b BOK
|c OPEN SHELF
|e 1st Floor, Bestari Jaya
|